000 00190 a2200085 4500
020 _a9789386806239
100 _aMunsuri Shahida
245 _aMetropolitan Planning
260 _bIshwar books
_c2019
999 _c13113
_d13113